Jaka to melodia? #2: Śpiewające panie - Statystyki

Ogólne statystyki
  • Ten quiz został rozwiązany 97 razy
  • Średni wynik to 7 z 22
Statystyki odpowiedzi
Wykonawca: Wskazówka: Tytuł: % Poprawnych
Cleo Nocą, kiedy wszyscy śpią Łowcy gwiazd
63%
Sylwia Grzeszczak Wzór na szczęście Małe rzeczy
57%
Sanah Została tylko ona Melodia
56%
Natalia Nykiel Apel do mężczyzny Bądź duży
53%
Margaret Bez wielkich łez i strat Byle jak
48%
Kayah Gdybym była mężczyzną Supermenka
46%
Kasia Kowalska Bez cukru Pieprz i sól
43%
Ania Dąbrowska Już nigdy więcej Dreszcze / Porady na zdrady
41%
Urszula Skaza Rysa na szkle
37%
Maryla Rodowicz Podsumowanie przemijania Ale to już było
32%
Sarsa Dzienne i nocne Motyle i ćmy
30%
Goya Mów do mnie tak Smak słów
27%
Natalia Kukulska Tego nie chce przyznać żadne z nas Wierność jest nudna
25%
Doda Kompletnie inne światy Dwie bajki
24%
Ania Wyszkoni Matczyne rady Biegnij przed siebie
23%
Patrycja Markowska Tylko ślad, łza i żal Świat się pomylił
19%
Edyta Górniak Manifest Jestem kobietą
15%
Daria Zawiałow Daleko zaszyję się Helsinki
14%
Top Girls Będę najlepsza! Jakbyś mnie zechciał
14%
Ewa Farna Vabanque Wszystko albo nic
10%
Natalia Zastępa Patrząc wstecz Nie żałuję
5%
Beata Kozidrak Nie myśl o mnie źle Plama na ścianie
4%
Nie znaleziono quizów pasujących do podanych kryteriów
Rozkład punktacji
Procent ludzi z każdym wynikiem
Percentyl według liczby udzielonych odpowiedzi
Twoja historia wyników
Nie rozwiązałeś tego quizu